[Event "GER-chT School WK 3"]
[Site "Playchess.com INT"]
[Date "2020.06.15"]
[Round "1.1"]
[White "Speicher, Finn Johann"]
[Black "Nied, Pascal"]
[Result "0-1"]
[WhiteElo "1565"]
[BlackElo "1928"]
[PlyCount "50"]
[EventDate "2020.06.15"]
[EventType "team-swiss (blitz)"]
[EventRounds "5"]
[EventCountry "GER"]
[SourceTitle "EXT 2021"]
[Source "ChessBase"]
[SourceDate "2020.10.23"]
[SourceVersion "1"]
[SourceVersionDate "2020.10.23"]
[SourceQuality "1"]
[WhiteTeam "Ottweiler Gymn"]
[BlackTeam "Karlsruhe Humboldt Gymn"]
[WhiteTeamCountry "GER"]
[BlackTeamCountry "GER"]

1. e4 e6 2. d4 d5 3. e5 c5 4. c3 Qb6 5. Nf3 Nc6 6. a4 cxd4 7. Bb5 dxc3 8. Bxc6+ bxc6 9. bxc3 Ba6 10. a5 Qc7 11. c4 Bxc4 12. Nbd2 Ba6 13. Nd4 c5 14. Ne2 Qxe5 15. 0-0 Qxa1 16. Nb3 Qe5 17. Re1 Bxe2 18. Rxe2 Qd6 19. Ba3 Qc6 20. Rc2 c4 21. Bxf8 Kxf8 22. Nd4 Qa4 23. Qb1 Nf6 24. Qb7 Qa1+ 25. Rc1 Qxc1# 0-1